Statistiques concernant Culture Générale - Série 1041

Cliquez ici pour prendre le quiz!

Statistiques générales

  • Ce quiz a été pris 134 fois
  • Le résultat moyen est 8 sur 10

Statistiques - réponses

QuestionRéponse% Correct
Quel animal a inspiré le fameux bonnet qu'on mettait sur la tête des cancres ?âne
98%
Quelle était la nationalité d'Hergé ?Belge
97%
Quand on est plein de zèle, d'enthousiasme, on dit qu'on est "tout feu tout...flamme
96%
Quel est le prénom de monsieur Siffredi, star du X, que l'on a vu dans le film "Romance", de Catherine Breillat ?Rocco
93%
Quel est le titre français de "Jaws", film culte d'épouvante de 1975, qui a changé notre vision de la baignade en mer ?Les Dents de la mer
90%
Dans quel pays se trouve la région de la Calabre ?Italie
90%
Quel animal est Paddington, le héros des livres pour enfants créé par Michael Bond en 1958 ?ours
86%
Quelle est la couleur de “l'herbe”, dans le titre d'un roman de Boris Vian de 1950 ?rouge
82%
Quel coureur cycliste français surnommait-on, notamment, "l'éternel second" ?Raymond Poulidor
77%
Dans quel département pourrez-vous visiter la ville médiévale fortifiée de Provins ?Seine-et-Marne
38%

Distribution des résultats

Percentile par nombre de réponses

% des personnes avec chaque résultat

Votre développement - résultats

Vous n’avez pas pris ce quiz